<?xml version="1.0" encoding="UTF-8"?>
<record
    xmlns:xsi="http://www.w3.org/2001/XMLSchema-instance"
    xsi:schemaLocation="http://www.loc.gov/MARC21/slim http://www.loc.gov/standards/marcxml/schema/MARC21slim.xsd"
    xmlns="http://www.loc.gov/MARC21/slim">

  <leader>01369nam a22001937a 4500</leader>
  <datafield tag="999" ind1=" " ind2=" ">
    <subfield code="c">6836</subfield>
    <subfield code="d">6836</subfield>
  </datafield>
  <controlfield tag="003">GBCCL</controlfield>
  <controlfield tag="005">20241126110613.0</controlfield>
  <controlfield tag="008">180629b           ||||| |||| 00| 0 eng d</controlfield>
  <datafield tag="040" ind1=" " ind2=" ">
    <subfield code="c">GBC</subfield>
  </datafield>
  <datafield tag="082" ind1=" " ind2=" ">
    <subfield code="a">229</subfield>
    <subfield code="b">SAC</subfield>
  </datafield>
  <datafield tag="245" ind1=" " ind2=" ">
    <subfield code="a">Sacred writings</subfield>
    <subfield code="c">edited by Jaroslav Pelikan;</subfield>
  </datafield>
  <datafield tag="260" ind1=" " ind2=" ">
    <subfield code="a">New York, N.Y. : </subfield>
    <subfield code="b">Quality Paperback Book Club, </subfield>
    <subfield code="c">&#xA9;1992.</subfield>
  </datafield>
  <datafield tag="300" ind1=" " ind2=" ">
    <subfield code="a">7 volumes</subfield>
  </datafield>
  <datafield tag="505" ind1=" " ind2=" ">
    <subfield code="a">[V.1.] Judaism: The Tanakh / The new JPS translation --
[V.2.] Christianity: The Apocrypha and the new testament / from the revised English Bible --
[V.3.] Islam: The Qur'an / A contemporary translation by Ahmed Ali --
[V.4.] Confucianism: The Analects of Confucius / translated by Arthur Waley --
[V.6.] Buddhism: The Dhammapada / translated by John Ross Carter and Mahinda Palihawadana --
[V.5.] Hinduism: The Rig Veda / translated by Ralph T.H. Griffith --
[V.7.] On searching the scriptures --
your own or someone else's / Jaroslav Pelikan.</subfield>
  </datafield>
  <datafield tag="505" ind1=" " ind2=" ">
    <subfield code="a">Islam : The Qur'an.
Judaism : the Tanakh.
Christianity : the apocrypha and the new testament.
Confucianism : the Analects of Confucius.
Buddhism : the Dhammapada.
Hinduism : the Rig Veda.
On searching the scriptures--your own or someone else's.
Tanakh.
Dhammapada.
Rig Veda.
New Testament.
Apocrypha.
Qur'an.</subfield>
  </datafield>
  <datafield tag="650" ind1=" " ind2=" ">
    <subfield code="a">Sacred books -- History and criticism. </subfield>
    <subfield code="9">12251</subfield>
  </datafield>
  <datafield tag="650" ind1=" " ind2=" ">
    <subfield code="a">Sacred books.</subfield>
    <subfield code="9">12252</subfield>
  </datafield>
  <datafield tag="942" ind1=" " ind2=" ">
    <subfield code="2">ddc</subfield>
    <subfield code="c">BK</subfield>
  </datafield>
  <datafield tag="952" ind1=" " ind2=" ">
    <subfield code="0">0</subfield>
    <subfield code="1">0</subfield>
    <subfield code="2">ddc</subfield>
    <subfield code="4">0</subfield>
    <subfield code="7">0</subfield>
    <subfield code="a">GBC</subfield>
    <subfield code="b">GBC</subfield>
    <subfield code="c">BIB</subfield>
    <subfield code="d">2018-06-29</subfield>
    <subfield code="l">0</subfield>
    <subfield code="o">229 SAC</subfield>
    <subfield code="p">005072</subfield>
    <subfield code="r">2025-05-01 00:00:00</subfield>
    <subfield code="t">v.2</subfield>
    <subfield code="w">2018-06-29</subfield>
    <subfield code="y">REF</subfield>
  </datafield>
</record>
